000 00261nam a2200097Ia 4500
001 711307
005 20250826162805.0
008 250824s9999 xx 000 0 und d
245 0 _aLA FONTAINE MASALLARI
_cTAHSİN YÜCEL
260 _bTÜRKİYE İŞ BANKASI YAYINLARI
999 _c711307
_d711307